000 00782nam a2200229Ii 4500
003 JO-AjNU
008 230605s9999||||xx |||||||||||||| ||und||
017 _a2002/13194
020 _a977-01-7942-6
040 _aJO-AjNU
_bara
_erda
_cJO-AjNU
041 _aara
050 1 4 _aCB161.S52.2002
100 3 _aلافوا،هنري؛ حداد،غازي ترجمة من الفرنسية الى العربية؛ الجوارنة،أحمد تحقيق وتعليق,
_eauthor
_913972
245 0 0 _aهندسة المستقبل
250 _aطبعة خاصة
264 3 1 _aد.م : دار العين،2002
300 _a282ص
336 _atext
_btxt
_2rdacontent
337 _aunmediated
_bn
_2rdamedia
338 _avolume
_bnc
_2rdacarrier
650 4 _aهندسة المستقبل
_913973
999 _aA3615
_c7183
_d7183